00548nam a22001577a 4500020001500000082001500015100001600030245005500046260004800101300002400149500002000173650002700193942000700220999001700227952014600244 a8188458260 a621.37 GUP aGupta, J.B. aElectrical measurements and measuring instruments. aNew Delhi, IndiabS.K. Kataria & Sonsc2011 aiii, 586 p.bill. ; aIncludes index. aElectric measurements. cBK c12591d12591 001040708NFICaCLbCLcGENd2013-12-27eAllied Book Companyg479.60l1m1o621.37 GUPpSEECS013014r2015-01-19s2014-10-22w2014-01-11yBK